[Event "FENAJ-ch U18 Girls"]
[Site "Brazil"]
[Date "2013.05.31"]
[Round "3"]
[White "Dos Santos, Maria Isabel Queiro"]
[Black "Linhares, Fabiane Ferreira"]
[Result "1-0"]
[WhiteElo "1800"]
[BlackElo "1766"]
[PlyCount "87"]
[EventDate "2013.05.30"]
[EventType "swiss"]
[EventRounds "5"]
[EventCountry "BRA"]
[SourceTitle "EXT 2015"]
[Source "ChessBase"]
[SourceDate "2014.11.20"]
[SourceVersion "1"]
[SourceVersionDate "2014.11.20"]
[SourceQuality "1"]

1. e4 d5 2. exd5 Nf6 3. Nf3 Nxd5 4. Bc4 Bg4 5. h3 Bh5 6. 0-0 Nb6 7. Be2 Nc6 8. d4 e6 9. Bf4 Bd6 10. Bxd6 cxd6 11. Nc3 0-0 12. a3 Re8 13. Nh2 Bxe2 14. Nxe2 e5 15. d5 Ne7 16. Nc3 Qd7 17. Qd3 h6 18. Nf3 Ng6 19. Rfe1 Re7 20. Re2 Rae8 21. Rae1 Nf4 22. Qe4 Nxe2+ 23. Rxe2 a6 24. a4 Qc7 25. Qg4 Nd7 26. Nh4 Nf6 27. Qg3 Qd7 28. b3 Nh5 29. Qf3 Nf4 30. Re1 b5 31. axb5 axb5 32. Ne2 Nxe2+ 33. Rxe2 Ra8 34. Nf5 Ra1+ 35. Kh2 Re8 36. Qg4 f6 37. Nxh6+ Kf8 38. Qxd7 gxh6 39. Qxd6+ Kf7 40. Qd7+ Re7 41. Qxb5 h5 42. Qc4 e4 43. d6+ Re6 44. Rxe4 1-0